Presenting an effective and dynamic technical paper: A guidebook for novice and experienced speakers in a multicultural world (Record no. 54394)

MARC details
000 -LEADER
fixed length control field 00692nam a2200157 a 4500
008 - FIXED-LENGTH DATA ELEMENTS--GENERAL INFORMATION
fixed length control field 211208s2017 ||||||||||||||||| || u
020 ## - INTERNATIONAL STANDARD BOOK NUMBER
International Standard Book Number 9780128054185
050 ## - LIBRARY OF CONGRESS CALL NUMBER
Classification number Q 223 Kra
100 ## - MAIN ENTRY--PERSONAL NAME
Personal name Krantz, William B
245 10 - TITLE STATEMENT
Title Presenting an effective and dynamic technical paper: A guidebook for novice and experienced speakers in a multicultural world
Statement of responsibility, etc. By William B Krantz
260 ## - PUBLICATION, DISTRIBUTION, ETC.
Place of publication, distribution, etc. United Kingdom
Name of publisher, distributor, etc. Elsevier
Date of publication, distribution, etc. 2017
300 ## - PHYSICAL DESCRIPTION
Extent xix, 95 pages: illustrations
650 ## - SUBJECT ADDED ENTRY--TOPICAL TERM
Topical term or geographic name entry element COMMUNICATION IN SCIENCE
650 ## - SUBJECT ADDED ENTRY--TOPICAL TERM
Topical term or geographic name entry element PUBLIC SPEAKING
995 ## - RECOMMENDATION 995 [LOCAL, UNIMARC FRANCE]
-- CBU-MAIN LIBRARY (Kitwe)
-- 98.57
-- 1
-- AVAILABLE
-- Dec 8, 2021
-- Main Library Open Access Collection
Holdings
Withdrawn status Lost status Source of classification or shelving scheme Damaged status Not for loan Home library Current library Shelving location Date acquired Total Checkouts Full call number Barcode Date last seen Price effective from Koha item type
          CBU-MAIN LIBRARY, KITWE. CBU-MAIN LIBRARY, KITWE.   11/30/2022   Q 223 Kra 751454 11/30/2022 11/30/2022 MONOGRAPH